Countries with Capitals with Less Than 100,000 Inhabitants - Statistics

General Stats
  • This quiz has been taken 211 times
  • The average score is 25 of 33
Answer Stats
Country % Correct
Vatican
94%
Monaco
90%
San Marino
90%
Marshall Islands
88%
Fiji
86%
Palau
86%
Samoa
86%
Tonga
86%
Nauru
85%
Tuvalu
85%
Andorra
84%
Solomon Islands
83%
Saint Lucia
82%
Federated States of Micronesia
80%
Kiribati
80%
Vanuatu
80%
Grenada
78%
Liechtenstein
78%
Saint Kitts and Nevis
78%
Saint Vincent and the Grenadines
76%
Dominica
74%
Antigua and Barbuda
72%
Luxembourg
72%
Malta
72%
Comoros
70%
Seychelles
70%
Sao Tome and Principe
69%
Brunei
61%
East Timor
61%
Trinidad and Tobago
61%
Belize
54%
Gambia
29%
Swaziland
15%
No matching quizzes found
Score Distribution
Percent of People with Each Score
Percentile by Number Answered
Your Score History
You have not taken this quiz